Countries with the Most NFL Players - Statistics

General Stats
  • This quiz has been taken 67 times
  • The average score is 8 of 12
Answer Stats
# Country % Correct
>1500 United States
100%
27 Canada
97%
5 United Kingdom
86%
3 Germany
83%
10 Australia
80%
12 Nigeria
66%
2 South Africa
55%
3 Jamaica
50%
2 Cameroon
45%
2 Ghana
44%
3 Haiti
41%
2 Greece
38%
No matching quizzes found
Score Distribution
Percent of People with Each Score
Percentile by Number Answered
Your Score History
You have not taken this quiz